| 000 | 00606nam a2200217 a 4500 | ||
|---|---|---|---|
| 005 | 20240111063535.0 | ||
| 008 | 080616s1978 mx r 000 0 spa d | ||
| 020 | _a9231004417 | ||
| 035 | _aUPN01000156943 | ||
| 049 | _aUNE | ||
| 080 | _a069 (100)=20 "1978" ORG No.9. | ||
| 245 | 0 | 0 |
_aThe Organization of museums : _bpractical advice. |
| 250 | _a4a. ed. | ||
| 260 |
_aParis : _bUNESCO, _c1978. |
||
| 300 |
_a188 (44) p. ; _bretrs., fot. |
||
| 440 | 0 |
_aMuseums and monuments ; _v9 |
|
| 690 |
_aMuseos _916202 |
||
| 690 | _aOrganizaciones culturales - Museos | ||
| 710 | 2 | _aUNESCO | |
| 905 | _aUNESCO | ||
| 999 |
_c129057 _d129057 |
||